000 00587nam a2200145Ia 4500
008 140724s9999 xx 000 0 und d
050 _aRC 111
_b.D413 2009
100 _aDenopol, Jan Vincent M.
245 2 _aA study on the relationship of compliance with the early childhood immunization program the profile of mother at a Barangay Health Center in Las Piñas City /
_cJan Vincent M. Denopol.
260 _aLas Piñas, Philippines :
_bSouthville International School and Colleges,
_cc2009.
300 _a74 p. :
_bill. ;
_c28 cm.
521 _aNursing
942 _cTH
999 _c229152
_d229152